Statistics for Turkmenistan First Level Subdivisions

Click here to take the quiz!

General Stats

  • This quiz has been taken 43 times
  • The average score is 3 of 6

Answer Stats

Welaýatlar% Correct
Ashgabat
92%
Mary
62%
Balkan
46%
Ahal
38%
Dashoguz
31%
Lebap
31%

Score Distribution

Percentile by Number Answered

Percent of People with Each Score

Your Score History

You have not taken this quiz